Algenvegetation der Felsen. : Eine okologische Algenstludie im dinarischen Karstgebiet /

Bibliographic Details
Main Author: Golubic, Stjepko
Format: Book
Language:German
Published: Stuttgart : Schweizerbart <Nagele u. Obermuller>, 1967.
Series:Binnengewasser ; Bd. 23.
Subjects:

MARC

Tag First Indicator Second Indicator Subfields
LEADER 00000cam a2200000 4500
001 in00000275021
005 20151010061423.0
008 750410s1967 gw b 00000 ger d
010 |a  68077370  
035 |a (OCoLC)01265481 
035 |9 ABD5347AM 
040 |c TOL  |d TXA  |d UtOrBLW 
049 |a TXAM  |c [1013425] 
050 0 |a QH96.A1  |b B56 Bd.23 
100 1 |a Golubic, Stjepko. 
245 1 0 |a Algenvegetation der Felsen. :  |b Eine okologische Algenstludie im dinarischen Karstgebiet /  |c Mit 2 Tafeln, 32 Abbildungen und 1 Photo sowie zahlreichen Tabellen im Text und auf 4 Beilagen. 
264 1 |a Stuttgart :  |b Schweizerbart <Nagele u. Obermuller>,  |c 1967. 
300 |a viii, 183 pages 
336 |a text  |b txt  |2 rdacontent 
337 |a unmediated  |b n  |2 rdamedia 
338 |a volume  |b nc  |2 rdacarrier 
490 1 |a Die Binnengewasser,  |v Bd.23) 
500 |a Summary in English. 
504 |a Bibliography: pages 176-183. 
650 0 |a Algae  |z Karst Region (Dinaric Alps) 
650 0 |a Plant communities. 
830 0 |a Binnengewasser ;  |v Bd. 23. 
999 |a MARS 
999 f f |s cd6281fb-1b36-3f60-9500-aca4dfe58448  |i b735b51a-cf85-3e28-bc88-c8f8240df545  |t 0 
952 f f |p ric  |a Texas A&M University  |b Rellis Campus  |c Joint Library Facility  |d Remote Storage  |t 0  |e QH96.A1 B56 Bd.23  |h Library of Congress classification  |i unmediated -- volume  |m A14804828627 
998 f f |a QH96.A1 B56 Bd.23  |t 0  |l Remote Storage